[Event "Vladivostok op"]
[Site "Vladivostok"]
[Date "1995.??.??"]
[Round "2"]
[White "Zagrebelny, Sergey"]
[Black "Nevostrujev, Vladimir"]
[Result "1-0"]
[WhiteElo "2510"]
[BlackElo "2425"]
[Annotator "Gagarin,V"]
[PlyCount "35"]
[EventDate "1995.??.??"]
[EventType "swiss"]
[EventRounds "9"]
[EventCountry "RUS"]
[SourceTitle "CBM 046 Extra"]
[Source "ChessBase"]
[SourceDate "1995.07.01"]
[SourceVersion "1"]
[SourceVersionDate "1995.07.01"]
[SourceQuality "1"]

1. e4 c5 2. Nf3 d6 3. d4 cxd4 4. Nxd4 Nf6 5. Nc3 a6 6. Be3 e5 7. Nf3 Nbd7 (7...
Be6 8. Ng5 $14) (7... h6 8. Bc4 $14) (7... Be7 8. Bc4 $14) (7... Qc7 $13 8. a4
{/\a4-a5; Nf3-d2 ><c4.}) 8. a4 $1 (8. Bc4 b5 9. Bb3 Be7 10. O-O Bb7 11. Nd2 Nc5
12. Bd5 Nxd5 13. Nxd5 Rc8 14. c4 O-O 15. Qe2 Bg5 16. f3 $10 {Khalifman,
A-Nevostrujev,V/Moscow/1992/0,5/16/}) 8... d5 $2 (8... Be7 $14 {/\ 0-0/}) (8...
Qc7 9. a5 (9. Be2 Be7 (9... b6 $5) 10. O-O O-O 11. a5 $14) 9... Be7 (9... Nc5
10. Nd5 Nxd5 11. exd5 Bf5 12. Be2 Be7 13. O-O O-O 14. c4 $14 {/\ b4/}) 10. Nd2
(10. Ra4 $5 b5 $1 (10... O-O 11. Bc4 $14) 11. axb6 Nxb6 12. Bxb6 (12. Rb4 Nbd7
$13) 12... Qxb6 13. Bb5+ (13. b3 $6 Bd7 $1 $15) 13... Kf8 {Smirin,I-Gelfand,B/
URS/1986/0,5/32/ Inf 42/299/} 14. b3 Bb7 15. Bd3 (15. Bc4 Bc6 16. Nd5 Nxd5 17.
Bxd5 Bxa4 18. Bxa8 Bb5 $10) 15... d5 16. O-O $13 {Gelfand, Kapengut/}) 10...
Nc5 11. Nd5 $1 Nxd5 12. exd5 Bf5 13. Be2 h6 $1 14. O-O O-O 15. c4 $5 (15. b4 $6
Nd7 16. c4 Bg5 $1 17. Bxg5 hxg5 $10 {/\ Nf6, g4!/Huebner,R-Portisch,L/Abano
Terme (m/1)/1980/0,5/26/}) 15... Bg5 16. Bxg5 hxg5 17. Ra3 $14 {/\ b4, Rg3
Matanovic/}) 9. Nxd5 $1 (9. exd5 Bb4 $132) 9... Nxe4 10. Bc4 $16 Nd6 $6 (10...
Be7 $142 11. O-O (11. Qe2 $5 O-O 12. O-O-O $36) 11... Nd6 $16) 11. Qe2 $1 Nxc4
$6 (11... Be7 $5 $16 {/\ 0-0/}) 12. Qxc4 Bd6 $8 13. Ng5 $1 O-O 14. Ne4 Bb8 $2 (
14... Be7 $8 15. O-O (15. Nc7 $6 b5 $1) (15. O-O-O $5 $36) 15... Kh8 {/\ f5/}
16. Nc7 (16. Rfd1 $5 $16) 16... Rb8 17. Ba7 b5 18. axb5 Rb7 (18... axb5 19.
Nxb5 Nb6 20. Qe2 Rb7 $8 21. Rfd1 $16) 19. b6 Nxb6 20. Bxb6 Rxb6 21. Rfd1 $16)
15. O-O-O $1 $18 {/\ Qc8!/} Ba7 16. Bxa7 b5 (16... Rxa7 17. Qxc8 Qxc8 18. Ne7+
Kh8 19. Nxc8 Rxc8 20. Rxd7 $18) 17. Qb4 a5 (17... Rxa7 18. Ne7+ Kh8 19. Nc6 $18
) 18. Qe7 $1 (18. Qe7 $1 Rxa7 19. Qxd8 Rxd8 20. Ne7+ Kf8 21. Nc6 Bb7 22. axb5
$18) 1-0

[Event "Olympiad-43"]
[Site "Batumi"]
[Date "2018.10.03"]
[Round "9.1"]
[White "Nisipeanu, Liviu Dieter"]
[Black "Vachier Lagrave, Maxime"]
[Result "1-0"]
[WhiteElo "2661"]
[BlackElo "2780"]
[Annotator "Ganguly, Surya Sekhar "]
[PlyCount "110"]
[EventDate "2018.09.24"]
[EventType "team-swiss"]
[EventRounds "11"]
[EventCountry "GEO"]
[SourceTitle "CBM 187"]
[Source "ChessBase"]
[SourceDate "2018.12.11"]
[SourceVersion "1"]
[SourceVersionDate "2018.12.11"]
[SourceQuality "1"]
[WhiteTeam "Germany"]
[BlackTeam "France"]
[WhiteTeamCountry "GER"]
[BlackTeamCountry "FRA"]

1. e4 c5 2. Nf3 d6 3. d4 cxd4 4. Nxd4 Nf6 5. Nc3 a6 6. Be3 Ng4 {MVL mainly
plays this move nowadays against the English Attack. It is not a difficult
task to predict what MVL might play in the opening but it is challenging to
out prepare him. Things get more difficult to actually win the game even after
out preparing him as he is very tricky and able to swindle from difficult
situations. In this game Dieter managed to do both. First he out prepared him
and then once he got the advantage he kept control all through the game.} 7.
Bg5 h6 8. Bc1 Nf6 {That is modern chess nowadays! After playing three
consecutive moves with the same piece and getting it back to its initial
square all White has achieved is now the black pawn is placed on h6 instead of
h7. In pre-computer era such moves would have been considered as coffeehouse
chess but thanks to strong computers our perspective has changed a lot and we
now see such lines at the top level. Is h6 is a weakness or a useful move?
That depends on which setup White is going to adopt next. For instance, if he
now plays Be2 then Black will play e5 and surely then h6 will be useful as it
stops Bg5. Basically, now if Black can play e5 without concession then h6 is
useful. If he has to play e6 then the debate will be on if h6 can be called as
a potential weakness in the future during a kingside attack.} 9. Bc4 {The most
popular follow up which makes a lot of sense as it practically forces Black to
opt for the e6 setup. White can now try to prove that h6 can be a target.} (9.
Bd3 {Grischuk played this twice. Once against Duda in online blitz and and
once against MVL at Moscow GP 2017.} e5 (9... Nc6 10. Nxc6 bxc6 11. O-O {
0-1 (45) Grischuk,A (2766)-Duda,J (2737) chess.com INT 2018}) 10. Nde2 Be7 11.
O-O O-O 12. Ng3 {½-½ (66) Grischuk,A (2750)-Vachier Lagrave,M (2795) Moscow
2017}) 9... e6 10. Bb3 Be7 11. Be3 (11. O-O {Magnus tried this against
Grischuk in online blitz. This time Grischuk was on the black side.} O-O 12. f4
b5 {½-½ (38) Carlsen,M (2857)-Grischuk,A (2754) chess.com INT 2016}) 11...
Nc6 12. Nxc6 $5 $146 {A completely new direction. All the games that reached
this position saw 12.f4. Judging by the time consumed I would guess this was
cooked up over the board.} bxc6 13. Qf3 {Such things would not have worked
with the pawn on h7 as then Black can simply castle without fearing any kind
of kingside attack.} Qc7 $6 {A natural reaction for stopping e5 but it is due
to this innocent looking move that the black king will now lack a safe place
for rest of the game. It was time to bite the bullet and simply castle on the
kingside.} (13... O-O $1 {It does look a bit like inviting White for a quick
kingside attack and hence so not easy to take this decision over the board.
Even with the engines on I feel a bit skeptical about this whole process.} 14.
g4 (14. O-O-O d5 {[%cal Ga6a4,Ge7b4] Black has his own way to create quick
counterplay.}) 14... d5 $1 15. h4 (15. O-O-O Bb4 {Things get very complicated
very fast and it would require much depth to draw any conclusion. The numbers
are 0.00 which doesn't mean much in a practical game but at least it shows
that Black is not getting crushed through.}) 15... Bb4 16. exd5 exd5 17. g5 Bg4
(17... Ng4 $5 {also doable}) 18. Qg2 Bh5 $1 19. gxf6 Qxf6 {gives Black great
compensation}) 14. Qg3 $1 {[%csl Re8] A very nice move which will start a
never-ending problem for Black from now on. Where to put the king?} Bb7 (14...
Kf8 $14 {The top choice of the machine but for sure no one would like to play
like this}) 15. O-O-O {Dieter plays the most natural move. Black is unable to
run to the queenside now as then White can take on g7 and f7 will be hanging
next. The computer insists that White could actually have just started to
collect some pawns without fearing any counter-attack by Black.} (15. Qxg7 $1
Rg8 16. Qxh6 O-O-O 17. O-O-O c5 (17... d5 18. Bf4 $16) 18. Qf4 $1 $16) 15... g5
$6 {This just weakens the position further. It was already a tough position
for Black and now it just gets even worse.} (15... O-O-O 16. Qxg7 {[%csl Rf7]})
(15... Rg8 16. f4 d5 {Black remains worse but not as bad as it became after g5}
) 16. h4 $1 {Charging immediately on the weakness.} gxh4 (16... g4 17. f3 gxf3
18. Qxf3 $16 {[%cal Gg2g4,Gg4g5]}) 17. Rxh4 O-O-O (17... h5 18. Na4 $1 {
[%cal Ge3b6]} Rg8 (18... c5 19. Nxc5) 19. Qh2 $1 Ng4 20. Rxg4 $1 hxg4 (20...
Rxg4 21. Bxe6 $1 $18) 21. Bb6 $16 {followed by Qh7 would be crushing}) 18. Rxh6
{White is not only a pawn up but also better from every other aspect.} Rxh6 19.
Bxh6 c5 20. e5 {Dieter switches his play from direct attack to slow strategic
play. There were faster and stronger ways than this.} (20. Bc4 $1 Nxe4 21. Nxe4
Bxe4 22. Bxa6+ Bb7 23. Bb5 $16) (20. f3 $5) 20... dxe5 (20... Rg8 21. exd6 (21.
exf6 Rxg3 22. fxe7 Qxe7 23. fxg3 d5 $14) 21... Rxg3 22. dxc7 Rxg2 23. Bf8 $3 {
a nice little trick to keep the advantage.} Ng8 24. Na4 $1 $16 {[%csl Rc5]})
21. Rxd8+ Bxd8 (21... Qxd8 22. Qg7) 22. Bc4 $16 {The material balance is even
now. White in return enjoys a much better structure and with Black's centre
broken there are no more pawn rolling ideas to be worried about.} Nd5 23. Bd2 {
Once again Dieter choses the most solid approach. Not to create any weakness
and play simply aginst Black's weaknesses} (23. Qg8 {The engine way} Nxc3 24.
bxc3 {[%cal Gh6g5]} Qe7 25. Be3 {I personally would also have not opted for
this line even though it gives a huge advantage.}) 23... Kb8 24. Qg8 (24. Na4
Ka7 25. Qg7 $1 {The queen on g7 is better than on g8 as it stops Black's
counter with e4} e4 $2 26. Bxd5 exd5 27. Nxc5 Qxc5 28. Be3 {is the point of
keeping the queen on g7 instead of g8}) 24... Ka7 25. Na4 (25. g3 $16) 25...
Qe7 (25... e4 {This was the chance to create a little counterplay} 26. b3 $5 {
is more human and still strong} (26. Bxd5 $1 {This counter-intuitive move
bythe computer would have been difficult to find.} exd5 27. g3 $1 d4 28. Bf4
Qe7 29. Nxc5 e3 30. fxe3 dxe3 31. Nd3 $16) 26... e3 (26... Bf6 27. Qf8) 27.
fxe3 Nf6 28. Qf8 Ne4 29. Bd3 Nxd2 30. Kxd2 Be7 {Black is still clearly worse
but the openness of White's king and having the bishop pair could have given
some practical chances to swindle}) 26. b3 $1 {Keeps everything under control}
Nb6 27. Nxb6 Bxb6 28. Qg7 e4 29. g4 $1 {Now that both bishops are locked in it
is time to advance on the kingside and aim for the f7-pawn.} Bd5 30. g5 $1 {
A nice little tactic.} Qb7 (30... Bxc4 31. g6 $1 $18 {being the point}) 31. Be3
Bxc4 32. bxc4 {[%csl Rb6,Rc5]} a5 33. a4 {Just being professional.} Qc7 34. Qh7
{Black has too many weaknesses to cover.} Qb7 35. Kd1 {Bringing the king to a
safer place before attacking further.} Qd7+ 36. Ke1 Qxa4 (36... Qb7 37. Ke2 {
would slowly lead to some sort of a zugzwang.}) 37. Qxf7+ (37. g6 $18) 37...
Ka6 38. Qxe6 {Once again the most human and safe choice.} (38. g6 {This is the
strongest but can be played only if White sees a concrete way to stop Black's
perpetual.} Qxc2 39. Qd7 $1 {The only move. White takes away two very
important square d3 and d1 which were essential to give any kind of perpetual.
Now by keeping the queen on d7 White will simply queen his pawn.} a4 40. g7
Ba5+ 41. Kf1 Qxc4+ 42. Kg2 $18) 38... Qxc2 39. Qc8+ Ka7 40. Qd7+ {The key file.
Once again the d3- and d1-square are taken away from Black leaving him with no
hope of a perpetual.} Ka6 41. Qd5 (41. g6 Qxc4 42. g7 {was also winning}) 41...
Ka7 42. g6 a4 43. Kf1 (43. g7 $4 Qc3+) 43... a3 44. g7 a2 45. g8=Q Qd3+ (45...
a1=Q+ 46. Kg2 {leads to mate.}) 46. Kg2 Qxd5 47. Qxd5 a1=Q 48. Qd7+ $1 {
first takes care of Qg7+} Ka6 49. Bxc5 Bxc5 50. Qb5+ Ka7 51. Qxc5+ Kb7 52. Qd5+
Kb6 53. Qxe4 Qg7+ 54. Kf3 Qf6+ 55. Qf4 Qc6+ 1-0

[Event "Olympiad-43"]
[Site "Batumi"]
[Date "2018.10.01"]
[Round "7.1"]
[White "Leko, Peter"]
[Black "Vachier Lagrave, Maxime"]
[Result "0-1"]
[WhiteElo "2690"]
[BlackElo "2780"]
[Annotator "Ganguly, Surya Sekhar "]
[PlyCount "142"]
[EventDate "2018.09.24"]
[EventType "team-swiss"]
[EventRounds "11"]
[EventCountry "GEO"]
[SourceTitle "CBM 187"]
[Source "ChessBase"]
[SourceDate "2018.12.11"]
[SourceVersion "1"]
[SourceVersionDate "2018.12.11"]
[SourceQuality "1"]
[WhiteTeam "Hungary"]
[BlackTeam "France"]
[WhiteTeamCountry "HUN"]
[BlackTeamCountry "FRA"]

1. e4 c5 2. Nf3 d6 3. d4 cxd4 4. Nxd4 Nf6 5. Nc3 a6 {What else to expect from
the brave MVL!} 6. f3 e5 7. Nb3 Be6 8. Be3 h5 9. Qd2 Nbd7 10. Nd5 Bxd5 11. exd5
g6 12. Be2 Bg7 {This is one the main positions in the h5 system of the Najdorf
English Attack. Huge number of top games have reached here and almost
exclusively White always went for 13.0-0 while few players tried 13. Na5. MVL
himself had this position as Black twice and one of them was against Magnus in
2018 Biel. Peter shows an entirely different approach to play from the white
side.} 13. O-O-O $5 {This has never been seen at the top level before although
there are many games in correspondence chess.} (13. O-O a5 14. a4 O-O 15. Bb5
Qc7 16. c4 $14 {½-½ (49) Carlsen,M (2842)-Vachier Lagrave,M (2779) Biel 2018}
) 13... O-O $146 {Both 13...b5 and 13...Qc7 are critical replies and mostly
will gain more popularity in the future.} 14. g4 (14. Kb1 {All correspondence
games that reached this position went this way.}) 14... a5 (14... e4 15. gxh5
exf3 16. Bxf3 Ne5 17. Be2 {White is faster here.}) 15. a4 Nb6 16. gxh5 Nxh5 17.
Bb5 {Peter was playing very fast till here showing the depth of his
preparation. The outcome of the opening has been a clear success for Peter who
now enjoys an overwhelming position with almost no risk.} Nf6 $2 {The problem
with this move is it doesn’t really create a threat and Peter after a long
thought comes up with an excellent antidote.} (17... Qc7 {[%cal Gb6c4] would
have been better} 18. Qc3 $5 {An unusual way to swap the queens.} (18. Qd3 Rfc8
{[%cal Gb6c4]}) 18... Qxc3 19. bxc3 Nc8 20. Nd2 $14 {White keeps some pressure}
) 18. h4 $1 {Peter thought for an impressive 48min here and found the
strongest move.} Qc7 (18... Nbxd5 {runs into} 19. Bg5 $16 {and Black must
either allow h5 or simply give up the d6-pawn and go into a horrible endgame.})
(18... Nfxd5 {There are simply too many options for White to crush through.}
19. Bxb6 (19. Bh6 $16) (19. Bf2 $16) 19... Nxb6 20. Qxd6 {would be the perfect
Leko-way to win the game.}) 19. h5 $1 {Another 18 min of thought and once
again the strongest move. Now White is winning} Nxh5 20. Bh6 $2 {Ironically
Peter just spent less than one minute to play this move while he could have
finished the game right away with a non-Leko move.} (20. Rxh5 $1 {It’s true
that Peter doesn't sacrifice much in his games but in this particular case it
all came down to whether he could spot one particular move.....} gxh5 21. Bh6
f5 {It is sure that Peter considered 20.Rh5 but didn't see a concrete way here.
} (21... f6 {also leads to the same tactics mentioned below.} 22. Bxg7 Qxg7 23.
Qe3 Qc7 24. Rg1+ Kh8 25. Bd3 $1 $18) 22. Bxg7 (22. Rg1 Rf7) 22... Qxg7 {
While considering 20.Rh5 unless the following trick is spotted it is not
possible to enter this line.} (22... Kxg7 {Clearly this didn't bother Peter}
23. Qg5+ Kh8 24. Qh6+ Qh7 25. Qxd6 $18) 23. Qe3 $1 {[%cal Ge3b6,Gd1g1]} (23.
Qf2 $2 Qh6+ {allows Black to get away from the pin with a check!}) 23... Qc7
24. Rg1+ Kh7 25. Rg5 $1 $18 {Unless this is seen it is not really possible to
enter the Rh5 line.}) 20... Nf4 $8 21. Bxf4 exf4 22. Qxf4 {White is still
better but very slightly.} Rfc8 (22... Qe7 $5 {[%cal Ge7e5]} 23. c3 Qe5 24. Qd2
$14) 23. Qe4 {There are no other ways to protect c2} Nxa4 {After 16 min of
thought MVL went for the human way. This indeed looks very tempting. The
machine has another way to solve Black's problem but psychologically it is
almost impossible to find such ideas during a game. It is much more easy to
find Na4 which comes more naturally.} (23... Nc4 {This is the very first move
that anyone would consider} 24. Nd4 {However, upon seeing Nd4 one has to now
justify the previous move as nothing seems to make big progress.} Ne3 (24...
Qc5 25. c3 Nxb2 26. Kxb2 Qxc3+ 27. Ka2 Qb4 {[%cal Gc8c3]} 28. Qb1 $1 {White
consolidates.}) 25. Rd2 (25. Qxe3 Bxd4 {This won't be an issue of course})
25... Nc4 {A weird move but it still comes to mind just to see if this forces
a repetition.} 26. Rg2 $1 (26. Rdh2 Qc5 {Now that the d4-knight is hanging} 27.
Rd1 Qb4 28. c3 Na3 $3 29. Rc2 (29. Bc6 bxc6 30. cxb4 cxd5+ $19) 29... Nxc2 30.
cxb4 Nxd4+ 31. Kb1 Nxb5 32. axb5 Re8 {Not at all a human way of thinking})
26... Qc5 27. Rd1 (27. Rxg6 {also looks scary but not with the engine on.} fxg6
28. Qe6+ Kf8 29. Rh4 Qxd4) 27... Nb6 (27... Qb4 28. c3 Na3 29. Bc6 bxc6 30.
Rxg6 $1 {The point of having the rook on g2 instead of h2}) 28. Kb1 (28. Ne6
Qb4) 28... Qxd5 29. Qxd5 Nxd5 30. Nf5 Nf4 31. Rg4 gxf5 32. Rxf4 $14 {There are
many more complex lines and it could easily be possible that White has an
improvement somewhere. What MVL did in the game is a practical choice which
meant that all of a sudden White now had to defend.}) 24. Bxa4 b5 25. Bxb5 a4
26. Nd4 a3 27. Bc6 $1 {Peter keeps his cool and starts defending. White is
clearly better and just needs to consolidate further, something that Peter is
extremely good at.} axb2+ (27... a2 28. Kd2 Rab8 {is once again a bizarre
computer suggestion which makes zero sense in human terms.} 29. b3 $16) 28. Kd2
Ra2 (28... Ra3 $5) 29. Rb1 Qa5+ 30. c3 Ra4 $1 {Not the best move but the best
practical choice specially with time pressure approaching.} (30... Ra3 31. Qd3)
31. Bxa4 Qxc3+ 32. Kd1 $6 (32. Ke2 $1 {It would have been better to play this
directly} Qc4+ {Tranposes to the game}) 32... Qc1+ (32... Bxd4 $1 33. Bc6 (33.
Bc2 Bf6 $44) 33... Rb8 $1 {Black's compensation is good enough to hold the
balance.} 34. Ke2 Qc5 $1 $44) 33. Ke2 Qc4+ 34. Qd3 Qxa4 {Until now Peter
played almost all the best moves and showed huge class but now things starts
to drift a bit due to time pressure.} 35. Nc6 $2 (35. Rh4 $1 {would have
sealed Black's fate but this once again doesn't fit in to human logic easily.
The point is as soon as once sees 35.Rh4 he also sees the counter 35...Rc4} Rc4
{Why would someone voluntarily pin himself in such a way that the piece is
lost immediately!} 36. Rxb2 $1 Bxd4 (36... Rxd4 37. Rb8+ {is not difficult to
see}) 37. Rd2 $1 {This move however could be very difficult to spot in time
pressure. Instead of giving a check on b8 White simply threatens the d4-bishop
which can't be saved. Suddenly now Black is pinned!} (37. Rb8+ Kg7) 37... Qe8+
38. Re4 $18 {The final touch.}) 35... Re8+ 36. Kf2 {[%cal Gf2g3] If the king
gets to g3 it would be difficult to form any kind of counterplay} Qf4 $3 {
Prophylaxis is important everywhere. Though a rook down Black doesn't rush.
First Kg3 is stopped and now Bf6-Bh4 is coming. All White's advantage has
evaporated by now.} 37. Rbe1 $2 {Probably already under time pressure and a
bit frustrated by getting into this mess from total domination Peter now makes
the final blunder after which there will be no return.} (37. Rh3 {was time to
bailout. There are many moves to do so and this is one of them.} Qc1 (37... Bf6
38. Kg2) 38. Rh1 Qf4) (37. Rbg1 $5) 37... Rxe1 38. Rxe1 Qh2+ 39. Kf1 Qh1+ {
Professional approach. First getting over the 40 moves and then deciding if to
make a draw or look for something more!} 40. Kf2 Qh2+ 41. Kf1 Bf6 $1 $19 {
[%cal Gf6h4] Now after consuming some more time MVL figured out he is now in
the driver’s seat.} 42. Rd1 Bh4 43. Qd4 Bg3 $1 {[%cal Gb2b1] Black now gets
back the piece. The rest of the game was just a mere formality.} 44. Nb4 b1=Q
45. Rxb1 Qh1+ 46. Ke2 Qxb1 47. Nd3 Qc2+ 48. Kf1 Qd2 49. Qe4 Bh4 50. f4 Qd1+ 51.
Kg2 Qg4+ 52. Kf1 Kf8 53. Qe3 Qf5 54. Qf3 g5 55. Ke2 g4 56. Qg2 Qg6 57. Qh1 Bf6
58. Ke3 Kg7 59. Qg2 Bd8 60. Qb2+ Kh7 61. Qh2+ Kg8 62. Qb2 Ba5 63. Qg2 Bb6+ 64.
Ke2 g3 65. Ne1 Ba5 66. Nd3 Kf8 67. Ke3 Bb6+ 68. Kd2 Qg4 69. Kc3 Be3 70. Kc2
Bxf4 71. Ne1 Be5 0-1